000 00667nam a2200229 i 4500
001 61379
003 ES-MaACL
005 20230906164438.0
007 t|
008 031111s1965 sp ||||1| cat d
100 1 _aEvely, Louis.
_948385
245 1 0 _aEnsenyeu-nos de pregar /
_cLluis Evely ; [traductor catalá, Joan Fortuny i Escoda].
250 _a[1ª ed.].
260 _aBarcelona :
_bAriel,
_c[1965]
300 _a182 p. ;
_c19 cm.
490 1 _aLlibres del Nopal
650 0 4 _aOración.
_915729
700 1 _aFortuny i Escoda, Joan.
_951884
830 0 _aLlibres del Nopal
_9181862
852 _aES-MaACL
_jC-27219
_bR.56490
999 _c61379
_d61379